[Event "Bethune op-B 25th"]
[Site "Bethune"]
[Date "2004.12.28"]
[Round "5"]
[White "Pons, Julien"]
[Black "D'Haussy, Baptiste"]
[Result "1/2-1/2"]
[WhiteElo "1499"]
[BlackElo "1670"]
[PlyCount "33"]
[EventDate "2004.12.26"]
[EventType "swiss"]
[EventRounds "7"]
[EventCountry "FRA"]
[SourceTitle "EXT 2006"]
[Source "ChessBase"]
[SourceDate "2005.11.24"]
[SourceVersion "1"]
[SourceVersionDate "2005.11.24"]
[SourceQuality "1"]

1. d4 f5 2. c4 e6 3. Nf3 Bb4+ 4. Bd2 Bxd2+ 5. Nbxd2 Nf6 6. e3 0-0 7. Qc2 Qe8 8. Bd3 b6 9. 0-0-0 Bb7 10. Rde1 Na6 11. a3 d5 12. Rhg1 c5 13. Kb1 Ne4 14. Rgf1 Rc8 15. Qb3 Rf7 16. Bxe4 dxe4 17. Ne5 1/2-1/2

[Event "Bethune op-B 25th"]
[Site "Bethune"]
[Date "2004.12.27"]
[Round "2"]
[White "D'Haussy, Baptiste"]
[Black "Christophe, Jean Luc"]
[Result "1/2-1/2"]
[WhiteElo "1670"]
[BlackElo "1530"]
[PlyCount "46"]
[EventDate "2004.12.26"]
[EventType "swiss"]
[EventRounds "7"]
[EventCountry "FRA"]
[SourceTitle "EXT 2006"]
[Source "ChessBase"]
[SourceDate "2005.11.24"]
[SourceVersion "1"]
[SourceVersionDate "2005.11.24"]
[SourceQuality "1"]

1. e4 e5 2. Nf3 Nc6 3. d4 exd4 4. Nxd4 Nxd4 5. Qxd4 d6 6. Nc3 Be6 7. Bd3 Ne7 8. f4 Nc6 9. Qf2 Be7 10. 0-0 Bf6 11. Nd5 0-0 12. Nxf6+ Qxf6 13. c3 a6 14. Qg3 Qg6 15. Qe3 f5 16. Rf3 Qf7 17. Bd2 b5 18. b3 Ne7 19. Re1 Rfe8 20. Qf2 fxe4 21. Bxe4 Bd5 22. Bxd5 Nxd5 23. Qh4 Rxe1+ 1/2-1/2

[Event "Bethune op-B 24th"]
[Site "Bethune"]
[Date "2003.12.26"]
[Round "1"]
[White "D'Haussy, Baptiste"]
[Black "Descamps, Serge"]
[Result "1-0"]
[WhiteElo "1660"]
[BlackElo "1520"]
[PlyCount "82"]
[EventDate "2003.12.26"]
[EventType "swiss"]
[EventRounds "9"]
[EventCountry "FRA"]
[SourceTitle "EXT 2005"]
[Source "ChessBase"]
[SourceDate "2004.11.15"]
[SourceVersion "1"]
[SourceVersionDate "2004.11.15"]
[SourceQuality "1"]

1. e4 e6 2. d4 d5 3. Bd3 c5 4. c3 Nc6 5. Nf3 Be7 6. 0-0 Nf6 7. Re1 Qb6 8. Bc2 cxd4 9. cxd4 Nxd4 10. Nxd4 Bc5 11. Be3 Qc7 12. Nb3 Bxe3 13. Rxe3 0-0 14. exd5 exd5 15. h3 Be6 16. Nd4 Rac8 17. Rc3 Qd7 18. Nxe6 fxe6 19. Rxc8 Rxc8 20. Bb3 Kf8 21. Nd2 a6 22. Rc1 Rd8 23. Qc2 Kg8 24. Qc7 Qe8 25. Qxb7 Nh5 26. Qxa6 Nf4 27. Qf1 Qg6 28. Kh2 Rf8 29. Bc2 Qf6 30. g3 Nh5 31. f4 Qxb2 32. a4 Qd4 33. Qe2 e5 34. Nf3 Qa7 35. Nxe5 Nf6 36. Kg2 Qb7 37. Kh2 g6 38. Ng4 Kg7 39. Nxf6 Rxf6 40. Qe5 Qa7 41. Kg2 Qa5 1-0